00697nam a2200229 i 4500001001000000003000900010005001700019008004100036040003000077041000800107082002400115100003500139245005900174250002300233264003600256300002900292336002800321337003300349338002900382490002800411830002800439000036153DO-SdBNP20260216084926.0111220s1957 ag r 000 0 spa d aDO-SdBNPbspacBNPHUerda aspa 4axxxxbF933 19572221 aFrondizi, Risieri4aut.eautor13aEl punto de partida del filosofar /cRisieri Frondizi. aSegunda edición  aBuenos Aires :bLosada.,c1957. a156 páginas ;c20 cm. atextobtxt2rdacontent  asin mediaciónbn2rdamedia avolumen bnc2rdacarrier1 aBiblioteca filosófica 0aBiblioteca filosófica